00504nam a22001577a 450000500170000001000130001702000260003003500130005603700170006908200100008610000180009624501220011426000280023627000610026430000210032520221003154047.0 aB-745758 a9788184192568c175.00 aB-745758 bFusion Books a649.1 aLansky, Vicki aVicki Lansky's Practical Parenting TIPS:cBiswaroop Roy ChowdhurybOver 1,500 helpful hints for the first five years/ aNew DelhibFusion Books aX-30, Okhla Industrial area, Phase-IIbNew Delhie110020 a221p.c21cm(pbk)